[Event "Madrid ch 2016-2017 - Final"]
[Site "Madrid ESP"]
[Date "2017.06.07"]
[Round "3.14"]
[White "Martinez Fernandez, Raul"]
[Black "Cervino Rossel, Cristobal"]
[Result "1-0"]
[WhiteElo "2066"]
[BlackElo "2100"]
[PlyCount "115"]
[EventDate "2017.06.05"]
[EventType "swiss"]
[EventRounds "9"]
[EventCountry "ESP"]
[SourceTitle "Ajedrez en Madrid"]
[Source "lmi"]
[SourceDate "2017.06.05"]

1. e4 e5 2. Nf3 Nc6 3. Bc4 Nf6 4. d3 Be7 5. Nc3 d6 6. Be3 Na5 7. Bb5+ c6 8. Ba4
b5 9. Bb3 O-O 10. h3 h6 11. O-O Qc7 12. Ne2 d5 13. Ng3 Nxb3 14. cxb3 Rd8 15.
Qc2 Bb7 16. Rac1 a5 17. Bc5 Bxc5 18. Qxc5 Nd7 19. Qe7 Re8 20. Qh4 c5 21. Nf5
Ra6 22. exd5 Bxd5 23. Ne7+ Rxe7 24. Qxe7 Bxf3 25. gxf3 Rg6+ 26. Kh2 e4+ 27. Kh1
e3 28. Qxe3 Re6 29. Qd2 Qc6 30. Qf4 g5 31. Qf5 Re5 32. Qg4 Nf6 33. Qg2 Qe6 34.
f4 Rd5 35. Rfe1 Qd7 36. Re5 Rxd3 37. fxg5 Rxh3+ 38. Kg1 hxg5 39. Qxg5+ Kf8 40.
Re3 Rxe3 41. Qxe3 Qg4+ 42. Qg3 Qd4 43. Re1 Ne4 44. Qf4 Nd2 45. Qxd4 Nf3+ 46.
Kf1 Nxd4 47. Re5 Ne6 48. f4 Nxf4 49. Rxc5 Nd3 50. Rxb5 Nxb2 51. Rd5 a4 52. Rd2
a3 53. Ke2 Ke7 54. Rd5 Ke6 55. Ra5 f5 56. Rxa3 Ke5 57. Ra8 Kd4 58. Kd2 1-0

[Event "Madrid ch 2016-2017 - Final"]
[Site "Madrid ESP"]
[Date "2017.06.07"]
[Round "3.15"]
[White "Pana, Dorin"]
[Black "Lopez De Turiso, Jose Angel"]
[Result "1-0"]
[WhiteElo "2038"]
[BlackElo "2061"]
[PlyCount "43"]
[EventDate "2017.06.05"]
[EventType "swiss"]
[EventRounds "9"]
[EventCountry "ESP"]
[SourceTitle "Ajedrez en Madrid"]
[Source "lmi"]
[SourceDate "2017.06.05"]

1. e4 c6 2. d4 d5 3. Nd2 dxe4 4. Nxe4 Nd7 5. Nf3 Ngf6 6. Ng3 e6 7. Bc4 c5 8.
O-O Qc7 9. d5 e5 10. Nf5 g6 11. d6 Qc6 12. Ng5 Nb6 13. Bxf7+ Kd8 14. Ne7 Bxe7
15. dxe7+ Kxe7 16. Re1 h6 17. Rxe5+ Kf8 18. Qd8+ Kg7 19. Qe7 Qd7 20. Ne6+ Kh7
21. Bxg6+ Kg8 22. Qf8# 1-0

[Event "Madrid ch 2016-2017 - Final"]
[Site "Madrid ESP"]
[Date "2017.06.08"]
[Round "4.1"]
[White "Moreno Ruiz, Javier"]
[Black "Gascon Del Nogal, Jose Rafael"]
[Result "1-0"]
[WhiteElo "2447"]
[BlackElo "2490"]
[PlyCount "121"]
[EventDate "2017.06.05"]
[EventType "swiss"]
[EventRounds "9"]
[EventCountry "ESP"]
[SourceTitle "Ajedrez en Madrid"]
[Source "lmi"]
[SourceDate "2017.06.05"]

1. d4 Nf6 2. c4 g6 3. Nc3 Bg7 4. e4 O-O 5. Be2 d6 6. Nf3 e5 7. O-O Nc6 8. Be3
Ng4 9. Bg5 f6 10. Bc1 exd4 11. Nxd4 Nxd4 12. Qxd4 Be6 13. Qd1 Ne5 14. f4 Nd7
15. f5 Bf7 16. Be3 Re8 17. Qd2 Nc5 18. b3 Qe7 19. Bd4 c6 20. Bf3 Rad8 21. Rad1
a6 22. Qf2 Nd7 23. Rfe1 Bh6 24. Qh4 Bg5 25. Qg3 Ne5 26. h4 Bh6 27. fxg6 hxg6
28. h5 Bg5 29. hxg6 Bxg6 30. Kf2 Kg7 31. Rh1 b5 32. Bh5 Rh8 33. Bxg6 Kxg6 34.
Bxe5 dxe5 35. Rxh8 Rxh8 36. Qf3 Kg7 37. Ke2 bxc4 38. Qg4 Rd8 39. bxc4 Rd6 40.
Qh3 Rxd1 41. Kxd1 Qd6+ 42. Kc2 Qd4 43. Qd3 Be3 44. Qxd4 Bxd4 45. Ne2 Bf2 46.
Kd3 Kg6 47. Nc1 Kg5 48. Ke2 Bc5 49. Kf3 Kh5 50. Ne2 Kg5 51. Ng3 Bb4 52. Nf5 Bc5
53. Ng7 Ba7 54. Ne6+ Kg6 55. Nd8 Bb6 56. Nxc6 Bc5 57. Nb8 a5 58. Nd7 Bd6 59. c5
Bc7 60. Kg4 a4 61. Nb6 1-0

[Event "Madrid ch 2016-2017 - Final"]
[Site "Madrid ESP"]
[Date "2017.06.08"]
[Round "4.2"]
[White "Almagro Llamas, Pablo"]
[Black "Valles Moreno, Ivan"]
[Result "1/2-1/2"]
[WhiteElo "2466"]
[BlackElo "2438"]
[PlyCount "195"]
[EventDate "2017.06.05"]
[EventType "swiss"]
[EventRounds "9"]
[EventCountry "ESP"]
[SourceTitle "Ajedrez en Madrid"]
[Source "lmi"]
[SourceDate "2017.06.05"]

1. e4 e5 2. Nf3 Nc6 3. Bb5 a6 4. Ba4 Nf6 5. O-O b5 6. Bb3 Bb7 7. d3 Be7 8. Re1
d6 9. a3 O-O 10. Nc3 Qd7 11. Ba2 Rae8 12. h3 Bd8 13. Bg5 h6 14. Be3 Ne7 15. a4
Ng6 16. axb5 axb5 17. Bb3 c5 18. Nh2 c4 19. dxc4 bxc4 20. Bxc4 Nxe4 21. Bb5
Nxc3 22. Bxd7 Nxd1 23. Rexd1 Re7 24. Rxd6 Bc7 25. Rdd1 Rd8 26. Bg4 Rxd1+ 27.
Rxd1 Be4 28. c3 Nf4 29. Bf3 Bc2 30. Rd2 Bb3 31. h4 e4 32. Bd1 Bxd1 33. Bxf4
Bxf4 34. Rxd1 Rb7 35. g3 Bb8 36. Rd2 f5 37. Nf1 Kf7 38. Ne3 Ke6 39. h5 f4 40.
gxf4 Bxf4 41. b4 Be5 42. Nd5 g6 43. hxg6 Rg7 44. c4 Rxg6+ 45. Kf1 h5 46. Ra2
Rg7 47. Ra6+ Kf5 48. b5 h4 49. Rh6 Kg5 50. Re6 Kf5 51. Rh6 Kg5 52. Re6 Kf5 53.
Re7 Rg8 54. Ne3+ Kf6 55. Nd5+ Kf5 56. Rh7 Kg4 57. b6 Ra8 58. Kg2 Ra2 59. b7 Rb2
60. Ne3+ Kg5 61. c5 h3+ 62. Kxh3 Rxf2 63. Rg7+ Kh5 64. Rh7+ Kg5 65. Rg7+ Kh5
66. Rg3 Rb2 67. Nc4 Bxg3 68. Nxb2 Bc7 69. Nc4 Kg5 70. Nb6 Kf5 71. Nd5 Be5 72.
c6 e3 73. Kg2 Ke4 74. c7 e2 75. Kf2 Kd3 76. c8=Q Kd2 77. Qc1+ Kxc1 78. Kxe2 Kc2
79. Ke3 Kb3 80. Ke4 Bd6 81. Kf5 Kc4 82. Ke6 Bb8 83. Nf6 Kb5 84. Kd7 Kb6 85. Kc8
Ba7 86. Nd7+ Kc6 87. Nf6 Kd6 88. Ng4 Kc6 89. Nf2 Kb6 90. Nd3 Kc6 91. Ne5+ Kb6
92. Ng6 Kc6 93. Nf8 Kb6 94. Ne6 Kc6 95. Nd8+ Kd6 96. Nf7+ Kc6 97. Nh6 Kb6 98.
Nf7 1/2-1/2

[Event "Madrid ch 2016-2017 - Final"]
[Site "Madrid ESP"]
[Date "2017.06.08"]
[Round "4.3"]
[White "Candela Perez, Jose"]
[Black "Espinosa Aranda, Angel"]
[Result "1/2-1/2"]
[WhiteElo "2370"]
[BlackElo "2456"]
[PlyCount "62"]
[EventDate "2017.06.05"]
[EventType "swiss"]
[EventRounds "9"]
[EventCountry "ESP"]
[SourceTitle "Ajedrez en Madrid"]
[Source "lmi"]
[SourceDate "2017.06.05"]

1. Nf3 Nf6 2. g3 b6 3. Bg2 Bb7 4. O-O g6 5. b3 Bg7 6. Bb2 O-O 7. d3 d5 8. c4 e6
9. Nbd2 c5 10. cxd5 exd5 11. d4 Nbd7 12. Rc1 Re8 13. Bh3 Ne4 14. Re1 f5 15. e3
Rc8 16. Bf1 Qe7 17. Rc2 Nxd2 18. Qxd2 c4 19. Rec1 b5 20. Qa5 a6 21. Ba3 Qd8 22.
Qxd8 Rexd8 23. Bb4 Nb8 24. Nd2 Nc6 25. Bc5 Bf8 26. Bxf8 Kxf8 27. a3 Ke7 28. Rb1
Na5 29. b4 Nc6 30. Rbb2 Nxd4 31. exd4 c3 1/2-1/2

[Event "Madrid ch 2016-2017 - Final"]
[Site "Madrid ESP"]
[Date "2017.06.08"]
[Round "4.4"]
[White "Martin Rueda, Daniel"]
[Black "Martin Duque, Jesus"]
[Result "1-0"]
[WhiteElo "2302"]
[BlackElo "2342"]
[PlyCount "93"]
[EventDate "2017.06.05"]
[EventType "swiss"]
[EventRounds "9"]
[EventCountry "ESP"]
[SourceTitle "Ajedrez en Madrid"]
[Source "lmi"]
[SourceDate "2017.06.05"]

1. d4 e6 2. Nf3 Nf6 3. c4 c5 4. d5 exd5 5. cxd5 d6 6. Nc3 g6 7. Bf4 Bg7 8. h3
O-O 9. e3 Re8 10. Nd2 Bf5 11. Bb5 Nbd7 12. O-O a6 13. Bxd7 Nxd7 14. e4 Bxc3 15.
bxc3 Bxe4 16. Nxe4 Rxe4 17. Qf3 Rc4 18. Bxd6 Qf6 19. Qxf6 Nxf6 20. Rad1 Ne4 21.
Bc7 Nxc3 22. d6 Rd4 23. Rxd4 Ne2+ 24. Kh2 Nxd4 25. d7 Ne6 26. Rd1 Nxc7 27.
d8=Q+ Rxd8 28. Rxd8+ Kg7 29. Rd7 Ne6 30. Rxb7 Kf6 31. Kg1 Ke5 32. Rd7 Ke4 33.
Kf1 Nd4 34. Rc7 Ne6 35. Rxf7 Kd3 36. Rf3+ Kd2 37. Rf6 Ng5 38. Rxa6 c4 39. Rd6+
Kc2 40. a4 Ne4 41. Rd4 Nd2+ 42. Ke2 c3 43. a5 Nb3 44. Ra4 Kb2 45. a6 c2 46. Rc4
Nd4+ 47. Kd3 1-0

[Event "Madrid ch 2016-2017 - Final"]
[Site "Madrid ESP"]
[Date "2017.06.08"]
[Round "4.5"]
[White "Pastor Alonso De Prado, Alberto"]
[Black "Madina Yadarola, Martin"]
[Result "1-0"]
[WhiteElo "2169"]
[BlackElo "2215"]
[PlyCount "85"]
[EventDate "2017.06.05"]
[EventType "swiss"]
[EventRounds "9"]
[EventCountry "ESP"]
[SourceTitle "Ajedrez en Madrid"]
[Source "lmi"]
[SourceDate "2017.06.05"]

1. e4 d6 2. d4 Nf6 3. Nc3 g6 4. Nf3 Bg7 5. Be2 O-O 6. O-O c6 7. Re1 Nbd7 8. a4
Qc7 9. a5 e5 10. Bf1 Re8 11. d5 Nf8 12. Nd2 cxd5 13. exd5 Bg4 14. f3 Bd7 15.
Nc4 Rec8 16. Be3 Ne8 17. Qd2 f5 18. f4 e4 19. Ra3 Qd8 20. Rb3 Rc7 21. Rb4 Qe7
22. Ra1 g5 23. fxg5 Ng6 24. g3 Ne5 25. Nxe5 dxe5 26. d6 Qxd6 27. Qxd6 Nxd6 28.
Rd1 Ne8 29. Bc4+ Kh8 30. Nd5 Rc6 31. Bb3 f4 32. gxf4 Bg4 33. Rf1 Nd6 34. Nf6
Bf3 35. fxe5 Nf5 36. Nxe4 Bxe4 37. Rxe4 Nxe3 38. Rxe3 Rc5 39. Rf7 Bxe5 40. Kh1
Rd8 41. Rd3 Rcc8 42. g6 Bg7 43. Rh3 1-0

[Event "Madrid ch 2016-2017 - Final"]
[Site "Madrid ESP"]
[Date "2017.06.08"]
[Round "4.6"]
[White "Perez Mitjans, Orelvis"]
[Black "Elissalt Cardenas, Hector"]
[Result "1-0"]
[WhiteElo "2413"]
[BlackElo "2380"]
[PlyCount "99"]
[EventDate "2017.06.05"]
[EventType "swiss"]
[EventRounds "9"]
[EventCountry "ESP"]
[SourceTitle "Ajedrez en Madrid"]
[Source "lmi"]
[SourceDate "2017.06.05"]

1. e4 e5 2. Nf3 Nc6 3. Bb5 a6 4. Ba4 Nge7 5. Nc3 g6 6. h4 h6 7. d4 exd4 8. Nxd4
Bg7 9. Nxc6 bxc6 10. h5 g5 11. f4 Rb8 12. Bb3 Rb4 13. O-O Bxc3 14. bxc3 Rxe4
15. fxg5 d5 16. Qf3 Nf5 17. c4 hxg5 18. cxd5 cxd5 19. Ba3 Be6 20. Rae1 Qf6 21.
Rxe4 dxe4 22. Qxe4 Qd4+ 23. Qxd4 Nxd4 24. Bb2 c5 25. Bxd4 cxd4 26. Rd1 Rxh5 27.
Bxe6 fxe6 28. Rxd4 Rh6 29. Rd6 Ke7 30. Rxa6 Rh4 31. Ra3 Rc4 32. c3 Kd6 33. Kf2
Rf4+ 34. Kg3 Rc4 35. Rb3 Kc5 36. Ra3 Kd6 37. Ra5 Rxc3+ 38. Kg4 e5 39. a4 Ra3
40. Ra8 Kc6 41. Ra5 Kd6 42. Ra8 Ke6 43. Ra5 Kd6 44. Ra8 e4 45. Re8 Rxa4 46.
Kxg5 Ra3 47. Kf4 Kd5 48. g4 Kd4 49. g5 Ra4 50. Rxe4+ 1-0

[Event "Madrid ch 2016-2017 - Final"]
[Site "Madrid ESP"]
[Date "2017.06.08"]
[Round "4.7"]
[White "Quispe Arteaga, Gabriel"]
[Black "Longa Yauca, Javier"]
[Result "0-1"]
[WhiteElo "2294"]
[BlackElo "2210"]
[PlyCount "113"]
[EventDate "2017.06.05"]
[EventType "swiss"]
[EventRounds "9"]
[EventCountry "ESP"]
[SourceTitle "Ajedrez en Madrid"]
[Source "lmi"]
[SourceDate "2017.06.05"]

1. d4 Nf6 2. c4 e6 3. Nf3 d5 4. Nc3 Nbd7 5. e3 c6 6. Bd3 Bd6 7. O-O O-O 8. e4
dxc4 9. Bxc4 e5 10. Bg5 Qe7 11. h3 exd4 12. Nxd4 Nb6 13. Bd3 h6 14. Be3 Be5 15.
Nde2 Rd8 16. Qb1 Bc7 17. Rd1 Re8 18. f3 Nfd5 19. Nxd5 Nxd5 20. Bf2 Nf4 21. Nxf4
Bxf4 22. g3 Bc7 23. Bf1 Bb6 24. Qc2 Be6 25. b3 Qf6 26. f4 Qg6 27. g4 Bxf2+ 28.
Kxf2 Bxg4 29. hxg4 Rxe4 30. Qd2 Qxg4 31. Bg2 Rxf4+ 32. Kg1 Qg5 33. Rac1 Re8 34.
Rc4 Rf5 35. Qxg5 Rxg5 36. Rf4 Re7 37. Kf2 Rge5 38. Bf3 g5 39. Rd8+ Kg7 40. Rfd4
f5 41. R4d7 g4 42. Bd1 Kf6 43. Rf8+ Kg5 44. Rxe7 Rxe7 45. Bc2 Re5 46. Rf7 h5
47. Rxb7 h4 48. Rxa7 h3 49. Bd3 Rd5 50. Bc4 Rd2+ 51. Ke3 h2 52. Rh7 Rxa2 53.
Be2 f4+ 54. Kd3 f3 55. Rxh2 Rxe2 56. Rh8 Re6 57. Kd4 0-1

[Event "Madrid ch 2016-2017 - Final"]
[Site "Madrid ESP"]
[Date "2017.06.08"]
[Round "4.8"]
[White "Quevedo Marin, Manuel"]
[Black "Martinez Fernandez, Raul"]
[Result "0-1"]
[WhiteElo "2292"]
[BlackElo "2066"]
[PlyCount "92"]
[EventDate "2017.06.05"]
[EventType "swiss"]
[EventRounds "9"]
[EventCountry "ESP"]
[SourceTitle "Ajedrez en Madrid"]
[Source "lmi"]
[SourceDate "2017.06.05"]

1. e4 e5 2. Nf3 Nc6 3. Bb5 a6 4. Bc4 Nf6 5. O-O b5 6. Bb3 Bc5 7. a4 Rb8 8. axb5
axb5 9. Nxe5 Nxe5 10. d4 Bxd4 11. Qxd4 d6 12. f4 c5 13. Qe3 Neg4 14. Qe2 c4 15.
Ba2 O-O 16. Nc3 Re8 17. h3 b4 18. Nd1 Rxe4 19. Qf3 Qb6+ 20. Kh1 Bb7 21. hxg4
Re1 22. Rxe1 Bxf3 23. gxf3 Ra8 24. g5 Nd7 25. Be3 Qc6 26. Kg2 b3 27. Nc3 bxa2
28. Rxa2 Rxa2 29. Nxa2 Qa4 30. Nc3 Qxc2+ 31. Re2 Qb3 32. Bd4 f6 33. Re7 Qc2+
34. Kg3 Qd2 35. Nb5 Nf8 36. gxf6 gxf6 37. Bxf6 Ng6 38. Re4 d5 39. Rd4 Qe1+ 40.
Kg4 Kf7 41. Bg5 h5+ 42. Kh3 Qh1+ 43. Kg3 Qg1+ 44. Kh3 h4 45. Nd6+ Ke6 46. f5+
Kxd6 0-1

[Event "Madrid ch 2016-2017 - Final"]
[Site "Madrid ESP"]
[Date "2017.06.08"]
[Round "4.9"]
[White "Prieto Martin, Alfonso"]
[Black "Anton Veiga, Juan Carlos"]
[Result "1-0"]
[WhiteElo "2210"]
[BlackElo "2096"]
[PlyCount "69"]
[EventDate "2017.06.05"]
[EventType "swiss"]
[EventRounds "9"]
[EventCountry "ESP"]
[SourceTitle "Ajedrez en Madrid"]
[Source "lmi"]
[SourceDate "2017.06.05"]

1. e4 c5 2. c3 Nf6 3. e5 Nd5 4. d4 cxd4 5. Nf3 e6 6. Bc4 Nb6 7. Bb3 d6 8. O-O
Be7 9. cxd4 O-O 10. Qe2 Nc6 11. Rd1 d5 12. Nc3 f5 13. exf6 Bxf6 14. Ne5 Nxe5
15. dxe5 Be7 16. Bc2 g6 17. Rd3 Rf7 18. b3 Qf8 19. Be3 Bd7 20. Bd4 Rc8 21. Rg3
Bh4 22. Rh3 Be7 23. Rd1 Bc5 24. Qe3 Be8 25. Ne2 Nd7 26. f4 b6 27. g4 Bxd4 28.
Nxd4 Rxf4 29. Bf5 Rxf5 30. gxf5 exf5 31. e6 Nc5 32. Qe5 Qe7 33. Rg3 Ne4 34.
Nxf5 Qf6 35. Qxf6 1-0

[Event "Madrid ch 2016-2017 - Final"]
[Site "Madrid ESP"]
[Date "2017.06.08"]
[Round "4.10"]
[White "Rottenwohrer Suarez, Juan"]
[Black "Pindado Campos, Raul"]
[Result "1-0"]
[WhiteElo "2204"]
[BlackElo "2056"]
[PlyCount "63"]
[EventDate "2017.06.05"]
[EventType "swiss"]
[EventRounds "9"]
[EventCountry "ESP"]
[SourceTitle "Ajedrez en Madrid"]
[Source "lmi"]
[SourceDate "2017.06.05"]

1. c4 Nf6 2. g3 g6 3. Bg2 Bg7 4. Nf3 d6 5. d4 O-O 6. O-O Nbd7 7. Nc3 e5 8. e4
c6 9. h3 Qa5 10. Be3 exd4 11. Nxd4 Ne5 12. Nb3 Qc7 13. Qe2 Be6 14. Nd2 Nh5 15.
Kh2 f5 16. f4 Nd7 17. exf5 Nxg3 18. Kxg3 Bxf5 19. Nde4 Rae8 20. Qd2 Re6 21. Ng5
Re7 22. Bd4 Nf6 23. Bxf6 Bxf6 24. Nge4 Bxc3 25. Nxc3 Rfe8 26. Rae1 Qb6 27. Rxe7
Rxe7 28. Re1 Rxe1 29. Qxe1 Qxb2 30. Qe8+ Kg7 31. Qe7+ Kg8 32. Nd5 1-0

[Event "Madrid ch 2016-2017 - Final"]
[Site "Madrid ESP"]
[Date "2017.06.08"]
[Round "4.11"]
[White "Rosa Ramirez, Victor D"]
[Black "Iagar, Razvan-Gabriel"]
[Result "0-1"]
[WhiteElo "1957"]
[BlackElo "2183"]
[PlyCount "80"]
[EventDate "2017.06.05"]
[EventType "swiss"]
[EventRounds "9"]
[EventCountry "ESP"]
[SourceTitle "Ajedrez en Madrid"]
[Source "lmi"]
[SourceDate "2017.06.05"]

1. e4 e6 2. d4 d5 3. e5 c5 4. c3 Nc6 5. Nf3 Qb6 6. a3 c4 7. Nbd2 Na5 8. Be2 Bd7
9. Rb1 Qc7 10. O-O h6 11. Qc2 Ne7 12. Re1 Nc8 13. g3 Nb6 14. b3 cxb3 15. Nxb3
Ba4 16. Nfd2 Nxb3 17. Nxb3 Rc8 18. Bd2 Nc4 19. Qa2 b6 20. Rec1 Be7 21. Na1 O-O
22. Bxc4 dxc4 23. Nc2 Qc6 24. Re1 Qd5 25. Re3 Bc6 26. f3 Bg5 27. Re4 Bxd2 28.
Nb4 Qd7 29. Qxd2 Bxe4 30. fxe4 f6 31. exf6 Rxf6 32. Nc2 Rcf8 33. Ne3 Qc6 34.
Ng4 Rf3 35. Ne5 Qxe4 36. Nxf3 Qxb1+ 37. Ne1 Qe4 38. a4 a6 39. Ng2 b5 40. a5 Rf3
0-1

[Event "Madrid ch 2016-2017 - Final"]
[Site "Madrid ESP"]
[Date "2017.06.08"]
[Round "4.12"]
[White "Gonzalez Rivera, Eduardo"]
[Black "Torres Bosch, Jose Francisco"]
[Result "0-1"]
[WhiteElo "2036"]
[BlackElo "2132"]
[PlyCount "82"]
[EventDate "2017.06.05"]
[EventType "swiss"]
[EventRounds "9"]
[EventCountry "ESP"]
[SourceTitle "Ajedrez en Madrid"]
[Source "lmi"]
[SourceDate "2017.06.05"]

1. e4 c5 2. Nf3 d6 3. d4 cxd4 4. Nxd4 Nf6 5. Nc3 a6 6. Bc4 e6 7. Bb3 Nbd7 8.
O-O Nc5 9. f4 Nxb3 10. axb3 Be7 11. Kh1 O-O 12. f5 Bd7 13. Qf3 b5 14. b4 a5 15.
bxa5 b4 16. Nce2 Rxa5 17. Bd2 e5 18. Nb3 Rb5 19. Bg5 Bc6 20. Bxf6 Bxf6 21. Ng3
Bh4 22. Rad1 Bxg3 23. Qxg3 Bxe4 24. f6 Bg6 25. fxg7 Kxg7 26. Rd2 Qe7 27. Qf3
Rc8 28. Qe2 Rb7 29. Rfd1 Rbc7 30. Na1 Rc6 31. h3 f5 32. Qb5 Qh4 33. Rxd6 Rxd6
34. Rxd6 Qe1+ 35. Kh2 Rf8 36. Nb3 f4 37. Nc5 Qg3+ 38. Kh1 f3 39. Ne6+ Kh6 40.
Qf1 fxg2+ 41. Qxg2 Qe1+ 0-1

[Event "Madrid ch 2016-2017 - Final"]
[Site "Madrid ESP"]
[Date "2017.06.08"]
[Round "4.13"]
[White "Casares Ripoll, Fernando"]
[Black "Pana, Dorin"]
[Result "1-0"]
[WhiteElo "2087"]
[BlackElo "2038"]
[PlyCount "141"]
[EventDate "2017.06.05"]
[EventType "swiss"]
[EventRounds "9"]
[EventCountry "ESP"]
[SourceTitle "Ajedrez en Madrid"]
[Source "lmi"]
[SourceDate "2017.06.05"]

1. e4 c5 2. c3 d5 3. exd5 Qxd5 4. d4 Nc6 5. Nf3 Nf6 6. Be2 Bg4 7. c4 Qd7 8. d5
Bxf3 9. Bxf3 Nd4 10. Be3 Nxf3+ 11. Qxf3 Rc8 12. h3 b5 13. b3 bxc4 14. bxc4 g6
15. Nd2 Bg7 16. O-O O-O 17. Rab1 e6 18. dxe6 Qxe6 19. Qb7 Qc6 20. Qxa7 Ne4 21.
Nxe4 Qxe4 22. Bxc5 Rfd8 23. Rfc1 Bh6 24. Be3 Bxe3 25. Qxe3 Rxc4 26. Qxe4 Rxe4
27. Rc2 Ra4 28. Ra1 h5 29. Kf1 Kg7 30. Ke1 Re4+ 31. Re2 Red4 32. a4 Ra8 33. a5
Rd5 34. a6 Ra7 35. Rd2 Re5+ 36. Kd1 Re6 37. Rda2 Rc6 38. g3 g5 39. Ke2 Kg6 40.
Ra5 Rd6 41. R1a4 Re7+ 42. Kf1 Ra7 43. Kg2 f5 44. Ra3 Rc6 45. Rf3 Rf6 46. g4
hxg4 47. hxg4 f4 48. Rfa3 Rd6 49. Kf3 Re6 50. R3a4 Rd6 51. Ke4 Rd2 52. Ra2 Rd6
53. Ke5 Rd1 54. Rd5 Re1+ 55. Kd6 f3 56. Re5 Rxe5 57. Kxe5 Re7+ 58. Kd4 Re2 59.
Ra1 Re8 60. a7 Ra8 61. Ke3 Kf6 62. Kxf3 Ke6 63. Ke4 Kd6 64. Kf5 Kc6 65. Kxg5
Kb7 66. f4 Rg8+ 67. Kf5 Ka8 68. g5 Rf8+ 69. Kg4 Rc8 70. g6 Rc2 71. Kg5 1-0

[Event "Madrid ch 2016-2017 - Final"]
[Site "Madrid ESP"]
[Date "2017.06.08"]
[Round "4.14"]
[White "Serrano Garcia, Vicente"]
[Black "Correas Gonzalez, Jose Ramon"]
[Result "0-1"]
[WhiteElo "1841"]
[BlackElo "2055"]
[PlyCount "178"]
[EventDate "2017.06.05"]
[EventType "swiss"]
[EventRounds "9"]
[EventCountry "ESP"]
[SourceTitle "Ajedrez en Madrid"]
[Source "lmi"]
[SourceDate "2017.06.05"]

1. d4 Nf6 2. Nf3 g6 3. Bf4 Bg7 4. e3 O-O 5. Nbd2 d6 6. h3 Nbd7 7. Bd3 b6 8. O-O
Bb7 9. e4 Qe8 10. Re1 e5 11. dxe5 Nxe5 12. Nxe5 dxe5 13. Bg3 Qe7 14. Qe2 Nh5
15. Nf1 Nxg3 16. Nxg3 Rad8 17. Rad1 Rd4 18. c3 Rd6 19. Bc4 Rfd8 20. Bb3 Bh6 21.
Nf1 Rxd1 22. Rxd1 Rxd1 23. Bxd1 Qh4 24. f3 Qe7 25. Bb3 Qc5+ 26. Kh1 Kf8 27. Qc4
Qxc4 28. Bxc4 Bc1 29. b3 Bb2 30. Ne3 c6 31. Nd1 Bc1 32. a4 Ke7 33. Kg1 Bc8 34.
Bd3 Be6 35. Bc2 Kd6 36. Kf2 a5 37. Ke2 b5 38. axb5 cxb5 39. Nf2 Bg5 40. g3 Bd7
41. h4 Be7 42. Kd2 a4 43. bxa4 bxa4 44. Nd3 a3 45. Bb3 f5 46. exf5 gxf5 47. Nb4
f4 48. g4 Bxh4 49. Nc2 e4 50. Ke2 Bf6 51. Nxa3 Bxc3 52. Nc4+ Kc5 53. Nd2 Bb5+
54. Kd1 Bxd2 55. Kxd2 exf3 56. Ke1 h6 57. Kf2 Be2 58. Be6 Kd4 59. Bc8 Ke5 60.
Bb7 Kf6 61. Bc8 Kg5 62. Bd7 Bd1 63. Bc8 Kf6 64. Bd7 Bb3 65. Kxf3 Kg5 66. Bc8
Bd1+ 67. Kf2 Bxg4 68. Bb7 Kf6 69. Bc6 h5 70. Bb7 Kg5 71. Bc6 h4 72. Bd5 Kf5 73.
Bc6 Bd1 74. Kg2 Kg5 75. Bd7 Bg4 76. Bc6 h3+ 77. Kf2 Kh4 78. Bd5 Bd1 79. Bc6 Bg4
80. Bb7 Bd1 81. Bc6 h2 82. Kg2 h1=Q+ 83. Kxh1 Kg3 84. Kg1 Be2 85. Bd5 Bf3 86.
Bxf3 Kxf3 87. Kf1 Ke3 88. Ke1 f3 89. Kf1 f2 0-1

[Event "Madrid ch 2016-2017 - Final"]
[Site "Madrid ESP"]
[Date "2017.06.08"]
[Round "4.15"]
[White "Lopez De Turiso, Jose Angel"]
[Black "Pablos Tenrero, Raquel"]
[Result "1-0"]
[WhiteElo "2061"]
[BlackElo "1988"]
[PlyCount "93"]
[EventDate "2017.06.05"]
[EventType "swiss"]
[EventRounds "9"]
[EventCountry "ESP"]
[SourceTitle "Ajedrez en Madrid"]
[Source "lmi"]
[SourceDate "2017.06.05"]

1. d4 Nf6 2. c4 e6 3. Nc3 Bb4 4. Qc2 O-O 5. e4 d5 6. e5 Ne4 7. Bd3 c5 8. cxd5
exd5 9. Nge2 Nc6 10. O-O cxd4 11. Nxd5 Qxd5 12. Bxe4 Qxe5 13. Bxh7+ Kh8 14. Bf4
Qf6 15. Be4 Bg4 16. f3 Be6 17. a3 Be7 18. b4 Rac8 19. Qd2 Rfd8 20. Rad1 Bc4 21.
Bd3 b5 22. Bg3 Ne5 23. Bxe5 Qxe5 24. Rfe1 Bf6 25. Ng3 Qg5 26. f4 Qd5 27. Be4
Qd6 28. Bf5 Rb8 29. Ne4 Qc6 30. Ng5 g6 31. Be4 Qb6 32. Bd3 Kg7 33. Qf2 Rh8 34.
Qg3 Rh5 35. h3 Qc7 36. Qg4 Rbh8 37. Rc1 Rh4 38. Rxc4 bxc4 39. Ne6+ Kh7 40. Nxc7
Rxg4 41. hxg4 cxd3 42. Rd1 Rc8 43. Nd5 Bg7 44. Rxd3 Rc1+ 45. Kh2 Bh8 46. g5 Kg7
47. Rxd4 1-0

[Event "Madrid ch 2016-2017 - Final"]
[Site "Madrid ESP"]
[Date "2017.06.09"]
[Round "5.1"]
[White "Almagro Llamas, Pablo"]
[Black "Moreno Ruiz, Javier"]
[Result "0-1"]
[WhiteElo "2466"]
[BlackElo "2447"]
[PlyCount "102"]
[EventDate "2017.06.05"]
[EventType "swiss"]
[EventRounds "9"]
[EventCountry "ESP"]
[SourceTitle "Ajedrez en Madrid"]
[Source "lmi"]
[SourceDate "2017.06.05"]

1. e4 e6 2. d4 d5 3. Nd2 Nf6 4. e5 Nfd7 5. f4 c5 6. c3 Nc6 7. Ndf3 Qb6 8. g3
Be7 9. Ne2 O-O 10. Bh3 cxd4 11. cxd4 f6 12. exf6 Nxf6 13. O-O Ne4 14. Nc3 Bf6
15. Na4 Bxd4+ 16. Kg2 Qb4 17. a3 Qc4 18. b3 Qxf1+ 19. Qxf1 Bxa1 20. Be3 Bf6 21.
Nc5 Nxc5 22. Bxc5 Re8 23. Qd3 b6 24. Bd6 Bb7 25. Be5 Rad8 26. b4 Bxe5 27. Ng5
g6 28. Bxe6+ Kg7 29. fxe5 d4 30. Kh3 h6 31. Nf7 Nxe5 32. Qb3 Nxf7 33. Bxf7 Re3
34. Qc4 Re7 35. Be6 h5 36. Kh4 Rd6 37. Bh3 d3 38. Qc3+ Kh7 39. Qd2 Re4+ 40. g4
hxg4 41. Bf1 Red4 42. Kg5 g3 43. hxg3 Kg7 44. g4 Bc8 45. Bh3 R6d5+ 46. Kh4 g5+
47. Kg3 Be6 48. Bg2 Rxg4+ 49. Kh2 Rdd4 50. Bh3 Rh4 51. Qxg5+ Kf7 0-1

[Event "Madrid ch 2016-2017 - Final"]
[Site "Madrid ESP"]
[Date "2017.06.09"]
[Round "5.2"]
[White "Espinosa Aranda, Angel"]
[Black "Martin Rueda, Daniel"]
[Result "1/2-1/2"]
[WhiteElo "2456"]
[BlackElo "2302"]
[PlyCount "105"]
[EventDate "2017.06.05"]
[EventType "swiss"]
[EventRounds "9"]
[EventCountry "ESP"]
[SourceTitle "Ajedrez en Madrid"]
[Source "lmi"]
[SourceDate "2017.06.05"]

1. e4 c5 2. Nc3 d6 3. Nge2 Nf6 4. g3 Nc6 5. Bg2 g6 6. d4 cxd4 7. Nxd4 Nxd4 8.
Qxd4 Bg7 9. Bg5 O-O 10. Qd2 Be6 11. O-O Qc7 12. Nd5 Bxd5 13. exd5 Rfe8 14. Rac1
b5 15. c4 bxc4 16. b3 c3 17. Rxc3 Qa5 18. Rfc1 Ng4 19. Rc7 Qxd2 20. Bxd2 Bd4
21. Be1 Ne5 22. Bf1 Bb6 23. R7c2 Nf3+ 24. Kg2 Nxe1+ 25. Rxe1 Kf8 26. Ba6 e6 27.
Rd1 Rad8 28. b4 exd5 29. a4 Rb8 30. Rxd5 Re4 31. Rb5 Re5 32. Kf3 Ke7 33. Rxe5+
dxe5 34. Ke4 Kd6 35. g4 f5+ 36. gxf5 gxf5+ 37. Kxf5 Rf8+ 38. Kg5 Bxf2 39. Bd3
Be3+ 40. Kh5 Rf4 41. Re2 Bf2 42. Bxh7 Rh4+ 43. Kg6 Rxh2 44. Bg8 Bg1 45. Rxh2
Bxh2 46. Kf5 Bg3 47. Ke4 Be1 48. b5 Ba5 49. Bf7 Bb6 50. Be8 Kc5 51. Kxe5 Kb4
52. Kd5 Kxa4 53. Kc4 1/2-1/2